ABBA - songs - Statistics

General Stats
  • This quiz has been taken 86 times
  • The average score is 7 of 10
Answer Stats
Lyrics Song % Correct
I've been cheated by you since I don't know when So I made up my mind, it must come to an end Mamma mia
88%
Friday night and the lights are low Looking out for a place to go Where they play the right music, getting in the swing Dancing queen
87%
I've played all my cards And that's what you've done too The winner takes it all
82%
A man like that is hard to find but I can't get him off my mind Ain't it sad? And if he happens to be free I bet he wouldn't fancy me That's too bad Money, money, money
76%
I was sick and tired of everything When I called you last night from Glasgow All I do is eat and sleep and sing Super trouper
73%
My, my I tried to hold you back, but you were stronger Oh, yeah And now it seems my only chance is giving up the fight Waterloo
71%
Blowing outside the window as I look around the room And it makes me so depressed to see the gloom Gimme! Gimme! Gimme! (A man after midnight)
60%
I still don't know what you've done with me A grown-up woman should never fall so easily Lay all your love on me
59%
You were always sure of yourself Now I see you've broken a feather I hope we can patch it up together Chiquitita
55%
We were young and full of life and none of us prepared to die And I'm not ashamed to say The roar of guns and cannons almost made me cry Fernando
50%
No matching quizzes found
Score Distribution
Percent of People with Each Score
Percentile by Number Answered
Your Score History
You have not taken this quiz